000 00620nam a2200181 i 4500
001 104132
003 ES-MaACL
005 20251005063103.0
007 t|
008 051123s1914 sp ||||1| spa d
100 1 _aMhartín y Guix, Enrique,
_d1859-1932
_980841
245 1 0 _aGuía del mecanografista
_b: lecciones teórico prácticas de escrituras mecánicas /
_cpor Enrique Mhartín y Guix.
260 _aMadrid :
_bTejada y Martin,
_c1914 (
_fImp. Comercial)
300 _a156 p., 1 lám. :
_bil. ;
_c18 cm.
650 4 _aMecanografía.
_9152009
852 _aES-MaACL
_jB-3685
999 _c104132
_d104132